000 00960nam a22001937a 4500
999 _c59200
_d59200
003 Ge_BSU
005 20221213134837.0
008 221213s1950ge xxu||||| |||| 00| 0 geo d
041 _ageo
080 _a633.1 ლ-82
100 _aლომოური, ი.ნ.
_916385
245 _aმარცვლეული კულტურები.
_bნაწ. 2,ფეტვნაირი პურეული) /
_c ი.ნ. ლომოური, წინასიტყვ. ავტ. ნ. ლაჭყეპიანი.
264 _aთბილისი :
_bსაქ. სას.-სამ. ინ-ტის გამ-ბა,
_c 1950.
300 _a325გვ.
_b22 სმ.
653 _aმარცვლეული კულტურები.
653 _aფეტვნაირი პურეული.
700 _a ლაჭყეპიანი, ნ
_eწინასიტყვაობის ავტორი
_916386
942 _2udc
_cBK